Reba McEntire Charting Songs (Billboard Hot 100) - Statistics

General Stats
  • This quiz has been taken 39 times
  • The average score is 4 of 17
Answer Stats
Album Weeks On Peak Artist(s) Song % Correct
Greatest Hits Volume III: I'm a Survivor 19 Weeks #49 Reba I'm a Survivor
79%
Reba: Duets 15 Weeks #50 Reba McEntire Duet with Kelly Clarkson Because of You
58%
Keep On Loving You 19 Weeks #38 Reba Consider Me Gone
46%
All the Women I Am 18 Weeks #53 Reba Turn On the Radio
42%
#1's...and Then Some 20 Weeks #44 Brooks & Dunn ft. Reba McEntire Cowgirls Don't Cry
38%
Non-Album Single 22 Weeks #42 Thomas Rhett ft. Reba McEntire, Hillary Scott, Chris Tomlin & Keith Urban Be a Light
33%
Room to Breathe 17 Weeks #35 Reba McEntire Somebody
33%
Keep On Loving You 9 Weeks #76 Reba Strange
33%
So Good Together 20 Weeks #31 Reba What Do You Say
33%
Room to Breathe 12 Weeks #59 Reba McEntire He Gets That From Me
17%
Keep On Loving You 10 Weeks #78 Reba I Keep On Loving You
4%
So Good Together 20 Weeks #51 Reba I'll Be
4%
Room to Breathe 4 Weeks #93 Reba McEntire Sister
4%
Read My Mind 10 Weeks #78 Reba McEntire Till You Love Me
4%
If You See Him 13 Weeks #52 Reba Wrong Night
4%
If You See Him 10 Weeks #54 Reba One Honest Heart
0%
Non-Album Single 15 Weeks #50 Reba McEntire What If
0%
No matching quizzes found
Score Distribution
Percent of People with Each Score
Percentile by Number Answered
Your Score History
You have not taken this quiz